00690 a2200193 4500003000500000005001700005010001600022020001500038040000900053082001500062100002100077245007200098260005300170300003400223505014800257650005100405650001900456700002100475Nust20220810181332.0 a 90007600 a0136298419 cNust00a005.12,RUM a Rumbaugh, James00aObject-oriented modeling and design /cJames Rumbaugh ... [et al.]. aEnglewood Cliffs, N.J. :bPrentice Hall,cc1991. axii, 500 p. :bill. ;c25 cm. aPart-1: Modeling Concepts (Page-15), Part-2: Design Methodology (Page-144), Part-3: Implementation (page-278), Part-4: Applications (Page-397). 0aObject-oriented programming (computer science) 0aSystem design.1 aRumbaugh, James.